Paediatrics / (Record no. 2373)
[ view plain ]
| 000 -LEADER | |
|---|---|
| fixed length control field | 01278cam a2200181 i 4500 |
| 008 - FIXED-LENGTH DATA ELEMENTS--GENERAL INFORMATION | |
| fixed length control field | 180205s2017 enka 001 0 eng |
| 020 ## - INTERNATIONAL STANDARD BOOK NUMBER | |
| ISBN | 9781907816734 (pbk.) |
| 020 ## - INTERNATIONAL STANDARD BOOK NUMBER | |
| ISBN | 1907816739 (pbk.) |
| 100 1# - MAIN ENTRY--AUTHOR | |
| Author | Foulkes, Sian, |
| 245 10 - TITLE STATEMENT | |
| Title | Paediatrics / |
| Statement of responsibility, etc | Sian Foulkes, MBBCh, BSc, MRCPCH, Speciality Registrar in Paediatrics and Child Health, Abertawe Bro Morgannwg University, Health Board, Swansea, UK, Gemma Trays, MBBCh, MRCPCH, Speciality Registrar in Paediatrics and Child Health, Abertawe Bro Morgannwg University, Health Board, Swansea, UK, Carol Sullivan, BM, BCh, MA, MRCP, FRCPCH, Consultant in Neonatal and Respiratory Paediatrics, Abertawe Bro Morgannwg University, Health Board, Swansea, UK ; series editors, Janine Henderson, MRCPsych, MClinEd, MB BS Programme Director, Hull York Medical School, York, UK, David Oliveira, PhD, FRCP, Professor of Renal Medicine, St. George's, University of London, London, UK, Stephen Parker, BSc, MS, DipMedEd, FRCS, Consultant Breast and General, Paediatric Surgeon, St. Mary's Hospital, Newport, UK. |
| 260 ## - PUBLICATION, DISTRIBUTION, ETC. (IMPRINT) | |
| Place of publication | London |
| Name of publisher | JP Medical Ltd |
| Date of publication | 2018 |
| 300 ## - COLLATION | |
| Pagination | xii, 476 pages : |
| Other physical details | illustrations (some color) ; |
| 500 ## - GENERAL NOTE | |
| General note | Includes index. |
| 650 #0 - TRACINGS | |
| Main Subject | Pediatrics. |
| 942 ## - ADDED ENTRY ELEMENTS (KOHA) | |
| Item type | Books |
| 050 00 - LIBRARY OF CONGRESS CALL NUMBER | |
| Classification number | RJ45 |
| Item number | .F68 2018 |
| 082 00 - DEWEY DECIMAL CLASSIFICATION NUMBER | |
| Classification number | 618.92 |
| Source of classification or shelving scheme | Not for loan | Permanent location | Current location | Date acquired | Accession No. | Full call number | Barcode. | Koha item type |
|---|---|---|---|---|---|---|---|---|
| Library of Congress Classification | Medical Library | Medical Library | 03/17/2025 | 2024/64402 | RJ48.5.P34 | 2025-0640 | Books |